One to eight. (Record no. 7400)

MARC details
000 -LEADER
fixed length control field 00703cam a22002411 4500
001 - CONTROL NUMBER
control field 6984561
003 - CONTROL NUMBER IDENTIFIER
control field GBCCL
005 - DATE AND TIME OF LATEST TRANSACTION
control field 20241126110627.0
008 - FIXED-LENGTH DATA ELEMENTS--GENERAL INFORMATION
fixed length control field 791109s1954 xx 000 0 eng
010 ## -
-- 54035834
035 ## - SYSTEM CONTROL NUMBER
System control number (OCoLC)5669087
040 ## - CATALOGING SOURCE
Original cataloging agency DLC
Transcribing agency CLolC
Modifying agency DLC
042 ## -
-- premarc
050 00 -
-- BV3795
-- .B34
082 ## - DEWEY DECIMAL CLASSIFICATION NUMBER
Classification number 269.2
Item number BAR
100 1# - MAIN ENTRY--PERSONAL NAME
Personal name Barnette, J. N.
Fuller form of name (Jasper Newton),
Dates associated with a name 1887-
9 (RLIN) 13092
245 10 - TITLE STATEMENT
Title One to eight.
260 ## - PUBLICATION, DISTRIBUTION, ETC.
Place of publication, distribution, etc. Nashville,
Name of publisher, distributor, etc. Sunday School Board of the Southern Baptist Convention
Date of publication, distribution, etc. [1954]
300 ## - PHYSICAL DESCRIPTION
Extent 127 p.
Dimensions 19 cm.
650 #0 - SUBJECT ADDED ENTRY--TOPICAL TERM
Topical term or geographic name entry element Evangelistic work
General subdivision Study and teaching.
9 (RLIN) 4767
906 ## - LOCAL DATA ELEMENT F, LDF (RLIN)
a 7
b cbc
c oclcrpl
d u
e ncip
f 19
g y-gencatlg
942 ## - ADDED ENTRY ELEMENTS (KOHA)
Source of classification or shelving scheme Dewey Decimal Classification
Koha item type Books
Holdings
Withdrawn status Lost status Source of classification or shelving scheme Damaged status Not for loan Home library Current Library Shelving location Date acquired Total checkouts Full call number Barcode Date last seen Copy number Price effective from Koha item type
    Dewey Decimal Classification     GRACE BIBLE COLLEGE GRACE BIBLE COLLEGE Ministry & Mission 2018-08-06   269.2 BAR 002395 2025-05-01 c.1 2018-08-06 Books
© Grace Bible College Library 2025